Business communication : (Record no. 58)
[ view plain ]
| 000 -LEADER | |
|---|---|
| fixed length control field | 00840cam a2200265 a 4500 |
| 003 - CONTROL NUMBER IDENTIFIER | |
| control field | BD-DhUIB |
| 005 - DATE AND TIME OF LATEST TRANSACTION | |
| control field | 20210318121720.0 |
| 008 - FIXED-LENGTH DATA ELEMENTS--GENERAL INFORMATION | |
| fixed length control field | 060727s2008 maua b 001 0 eng |
| 020 ## - INTERNATIONAL STANDARD BOOK NUMBER | |
| International Standard Book Number | 978007014680 |
| 020 ## - INTERNATIONAL STANDARD BOOK NUMBER | |
| International Standard Book Number | 007014680 |
| 040 ## - CATALOGING SOURCE | |
| Original cataloging agency | DLC |
| Transcribing agency | DLC |
| Modifying agency | BD-DhUIB |
| 082 00 - DEWEY DECIMAL CLASSIFICATION NUMBER | |
| Classification number | 651.74 |
| Edition number | 22 |
| 245 10 - TITLE STATEMENT | |
| Title | Business communication : |
| Remainder of title | making connections in a digital world / |
| Statement of responsibility, etc. | by Raymond V. Lesikar...[et al.]. |
| 250 ## - EDITION STATEMENT | |
| Edition statement | 11th ed. |
| 260 ## - PUBLICATION, DISTRIBUTION, ETC. | |
| Place of publication, distribution, etc. | New York : |
| Name of publisher, distributor, etc. | McGraw-Hill/Irwin, |
| Date of publication, distribution, etc. | c2008. |
| 300 ## - PHYSICAL DESCRIPTION | |
| Extent | xxix, 737 p. : |
| Other physical details | ill. ; |
| Dimensions | 24 cm. |
| 526 ## - STUDY PROGRAM INFORMATION NOTE | |
| Program name | BBA. |
| 650 #0 - SUBJECT ADDED ENTRY--TOPICAL TERM | |
| Topical term or geographic name entry element | Commercial correspondence. |
| 9 (RLIN) | 101 |
| 650 #0 - SUBJECT ADDED ENTRY--TOPICAL TERM | |
| Topical term or geographic name entry element | English language. |
| 9 (RLIN) | 108 |
| 650 #0 - SUBJECT ADDED ENTRY--TOPICAL TERM | |
| Topical term or geographic name entry element | Business communication. |
| 9 (RLIN) | 28 |
| 700 1# - ADDED ENTRY--PERSONAL NAME | |
| Personal name | Flatley, Marie Elizabeth. |
| 9 (RLIN) | 103 |
| 700 1# - ADDED ENTRY--PERSONAL NAME | |
| Personal name | Rentz, Kathryn. |
| 9 (RLIN) | 109 |
| 700 1# - ADDED ENTRY--PERSONAL NAME | |
| Personal name | Pande, Neerja. |
| Title of a work | Basic business communication. |
| 9 (RLIN) | 110 |
| 942 ## - ADDED ENTRY ELEMENTS (KOHA) | |
| Source of classification or shelving scheme | Dewey Decimal Classification |
| Koha item type | Books |
| Withdrawn status | Lost status | Source of classification or shelving scheme | Damaged status | Not for loan | Collection code | Home library | Current library | Shelving location | Date acquired | Source of acquisition | Total Checkouts | Full call number | Barcode | Date last seen | Copy number | Price effective from | Koha item type | Date due | Date last checked out |
|---|---|---|---|---|---|---|---|---|---|---|---|---|---|---|---|---|---|---|---|
| Dewey Decimal Classification | Fiction | IBA Library | IBA Library | General Stacks | 06/07/2011 | Mullick & Brother | 658.45 L565b | 00049997 | 03/18/2021 | C-1 | 03/18/2021 | Books | |||||||
| Dewey Decimal Classification | Fiction | IBA Library | IBA Library | General Stacks | 06/07/2011 | Mullick & Brother | 658.45 L565b | 00049998 | 03/18/2021 | C-2 | 03/18/2021 | Books | |||||||
| Dewey Decimal Classification | Fiction | IBA Library | IBA Library | General Stacks | 06/07/2011 | Mullick & Brother | 658.45 L565b | 00049999 | 03/18/2021 | C-3 | 03/18/2021 | Books | |||||||
| Dewey Decimal Classification | Fiction | IBA Library | IBA Library | General Stacks | 06/07/2011 | Mullick & Brother | 658.45 L565b | 00050000 | 03/18/2021 | C-4 | 03/18/2021 | Books | |||||||
| Dewey Decimal Classification | Fiction | IBA Library | IBA Library | General Stacks | 06/07/2011 | Mullick & Brother | 658.45 L565b | 00050001 | 03/18/2021 | C-5 | 03/18/2021 | Books | |||||||
| Dewey Decimal Classification | Fiction | IBA Library | IBA Library | General Stacks | 06/07/2011 | Mullick & Brother | 658.45 L565b | 00050002 | 03/18/2021 | C-6 | 03/18/2021 | Books | |||||||
| Dewey Decimal Classification | Fiction | IBA Library | IBA Library | General Stacks | 06/07/2011 | Mullick & Brother | 658.45 L565b | 00050003 | 03/18/2021 | C-7 | 03/18/2021 | Books | |||||||
| Dewey Decimal Classification | Fiction | IBA Library | IBA Library | General Stacks | 06/07/2011 | Mullick & Brother | 658.45 L565b | 00050004 | 03/18/2021 | C-8 | 03/18/2021 | Books | |||||||
| Dewey Decimal Classification | Fiction | IBA Library | IBA Library | General Stacks | 06/07/2011 | Mullick & Brother | 658.45 L565b | 00050005 | 03/18/2021 | C-9 | 03/18/2021 | Books | |||||||
| Dewey Decimal Classification | Fiction | IBA Library | IBA Library | General Stacks | 06/07/2011 | Mullick & Brother | 658.45 L565b | 00050006 | 03/18/2021 | C-10 | 03/18/2021 | Books | |||||||
| Dewey Decimal Classification | Fiction | IBA Library | IBA Library | General Stacks | 06/07/2011 | Mullick & Brother | 658.45 L565b | 00050007 | 03/18/2021 | C-11 | 03/18/2021 | Books | |||||||
| Dewey Decimal Classification | Fiction | IBA Library | IBA Library | General Stacks | 06/07/2011 | Mullick & Brother | 658.45 L565b | 00050008 | 03/18/2021 | C-12 | 03/18/2021 | Books | |||||||
| Dewey Decimal Classification | Fiction | IBA Library | IBA Library | General Stacks | 06/07/2011 | Mullick & Brother | 658.45 L565b | 00050009 | 03/18/2021 | C-13 | 03/18/2021 | Books | |||||||
| Dewey Decimal Classification | Non-fiction | IBA Library | IBA Library | General Stacks | 12/20/2023 | Purchase | 1 | 00049983 | 10/11/2025 | 01 | 10/11/2025 | Books | 10/25/2025 | 10/11/2025 |
